<?xml version="1.0" encoding="UTF-8"?>
<marc:record xmlns:marc="http://www.loc.gov/MARC21/slim">
   <marc:leader>00000nam a2200000 a 4500</marc:leader>
   <marc:datafield ind1="1" ind2=" " tag="100">
      <marc:subfield code="a">Welsch, Norbert</marc:subfield>
      <marc:subfield code="4">aut</marc:subfield>
      <marc:subfield code="e">Verfasser/-in</marc:subfield>
   </marc:datafield>
   <marc:datafield ind1="1" ind2=" " tag="100">
      <marc:subfield code="a">Liebmann, Claus Christian</marc:subfield>
      <marc:subfield code="4">aut</marc:subfield>
      <marc:subfield code="e">Verfasser/-in</marc:subfield>
   </marc:datafield>
   <marc:datafield ind1=" " ind2=" " tag="653">
      <marc:subfield code="a">Farbe</marc:subfield>
   </marc:datafield>
   <marc:datafield ind1=" " ind2=" " tag="653">
      <marc:subfield code="a">Aufsatzsammlung</marc:subfield>
   </marc:datafield>
   <marc:datafield ind1="0" ind2="0" tag="245">
      <marc:subfield code="a">Farben</marc:subfield>
   </marc:datafield>
   <marc:datafield ind1="0" ind2="0" tag="245">
      <marc:subfield code="b">Natur, Technik, Kunst</marc:subfield>
   </marc:datafield>
   <marc:datafield ind1="0" ind2="0" tag="245">
      <marc:subfield code="c">Norbert Welsch ; Claus Chr. Liebmann</marc:subfield>
   </marc:datafield>
   <marc:datafield ind1=" " ind2="1" tag="264">
      <marc:subfield code="a">München</marc:subfield>
      <marc:subfield code="b">Elsevier, Spektrum, Akad. Verl.</marc:subfield>
      <marc:subfield code="c">2004</marc:subfield>
   </marc:datafield>
   <marc:datafield ind1=" " ind2=" " tag="250">
      <marc:subfield code="a">2. Aufl.</marc:subfield>
   </marc:datafield>
   <marc:datafield ind1="1" ind2=" " tag="520">
      <marc:subfield code="a">Warum sind nachts alle Katzen grau, und warum ist der Himmel blau? Wie funktioniert ein Farbfilm, und warum haben alle Regenbogen die gleiche Farbe? Wie wirkt rot auf unsere Psyche, und welche Rolle spielen Farben in der Malerei? Welche Reaktionen laufen bei Haarfärbemitteln ab, und was passiert beim Grauen Star? Diese und weitere vielfältige und faszinierende Aspekte zu Farben sind in dem großformatigen Sachbuch zusammengestellt. Das Knowhow der Autoren Norbert Welsch und Claus Liebmann bezüglich der Herstellung multimedialer und interaktiver Bildungsmedien zeigt sich auch in diesem vierfarbigen Bildband. Den Autoren gelingt es, interdisziplinär und gut verständlich für die bunte Welt der Farben zu interessieren. Ein Buch zur Wunderwelt der Farben, das man immer wieder gerne zur Hand nehmen wird, sei es wegen der ansprechenden Fotografien oder wegen der gut erklärenden Texte.</marc:subfield>
   </marc:datafield>
   <marc:datafield ind1=" " ind2=" " tag="020">
      <marc:subfield code="a">9783827415639</marc:subfield>
      <marc:subfield code="9">9783827415639</marc:subfield>
   </marc:datafield>
   <marc:datafield ind1=" " ind2=" " tag="020">
      <marc:subfield code="a">3827415632</marc:subfield>
      <marc:subfield code="9">3827415632</marc:subfield>
   </marc:datafield>
   <marc:datafield ind1=" " ind2=" " tag="041">
      <marc:subfield code="a">ger</marc:subfield>
   </marc:datafield>
   <marc:datafield ind1=" " ind2=" " tag="300">
      <marc:subfield code="a">XIII, 434 S.</marc:subfield>
   </marc:datafield>
</marc:record>
